000 00898nam a2200277 a 4500
999 _c1930
_d1930
003 OSt
005 20190626091049.0
008 131029s1995 sz ||||| |||| 00| 0 eng d
020 _a92-4-157174-8
040 _cBiblioteca Medicina
041 _aeng
082 _aOMS QV 633
110 _aInternational Programme on Chemical Safety
_92787
245 0 0 _aEnvironmental Health Criteria 174: Isophorone
250 _a1° ed.
260 _aGinebra
_bOrganizacion Mundial de la Salud
_c1995
300 _a84 p.
440 0 0 _aInternational Programme on Chemical Safety
_92782
500 _aBaja Depósito Junio 2019- Caja 32
546 _aTexto en ingles, resumen y conclusion en español
653 _aCICLOHEXANONAS
653 _aEXPOSICION A RIESGOS AMBIENTALES
653 _aSOLVENTES
856 _yhttp://www.who.int/ipcs/publications/ehc/ehc_numerical/en/index.html
942 _2ddc
_cPH